000 003930000a22001570004500
003 LK-CoMWRAF
008 230817t ||||| |||| 00| 0 eng d
040 _aLK-CoMWRAF
_dLK-CoMWRAF
_eLK-CoMWRAF
041 _aeng
082 _a180
_bARB
100 _aArberry, A.J.
245 _aTales from the Masnavi
_b
260 _bGeorge Allen & Unwin Ltd.
_aLondon
_c1961
300 _ap.300
942 _cBK
999 _c1251
_d1251